[Event "Late Summer tourney 2008"]
[Site "SchemingMind.com"]
[Date "2008.08.19"]
[Round "-"]
[White "aston294"]
[Black "Sixmax"]
[Result "0-1"]
[WhiteCountry "ENG"]
[BlackCountry "DEN"]
[WhiteElo "1062"]
[WhiteRD "68"]
[BlackElo "2197"]
[BlackRD "76"]
[GameID "167751"]

1. e4 e5 2. Nc3 Nf6 3. Nf3 Nc6 4. Bb5 d6 5. Ng5 h6 6. h4 hxg5 7. g3 gxh4 8. gxh4 Bd7 9. O-O Nd5 10. exd5 Qxh4
0-1

[Event "Late Summer tourney 2008"]
[Site "SchemingMind.com"]
[Date "2008.08.19"]
[Round "-"]
[White "Sixmax"]
[Black "aston294"]
[Result "1-0"]
[WhiteCountry "DEN"]
[BlackCountry "ENG"]
[WhiteElo "2197"]
[WhiteRD "76"]
[BlackElo "1062"]
[BlackRD "68"]
[GameID "167752"]

1. e4 e5 2. Nf3 Nc6 3. Bb5 a6 4. Bxc6 dxc6 5. O-O Bb4 6. Nxe5 f6 7. Qh5+ g6 8. Nxg6 a5 9. Ne5+ Ke7 10. Qf7+ Kd6
11. Nc4+
1-0

[Event "Late Summer tourney 2008"]
[Site "SchemingMind.com"]
[Date "2008.08.19"]
[Round "-"]
[White "lame wolf"]
[Black "aston294"]
[Result "0-1"]
[WhiteCountry "INT"]
[BlackCountry "ENG"]
[WhiteElo "1006"]
[WhiteRD "50"]
[BlackElo "1135"]
[BlackRD "70"]
[GameID "167788"]

1. c3 e5 2. e4 Nf6 3. d3 Nc6 4. Nd2 Ng4 5. Nh3 d5 6. Be2 Qh4 7. Bxg4 Bxg4 8. Qc2 dxe4 9. dxe4 O-O-O 10. Nf3 Qh5
11. Bg5 Rd7 12. O-O b6 13. Bh4 f5
0-1

[Event "Late Summer tourney 2008"]
[Site "SchemingMind.com"]
[Date "2008.08.19"]
[Round "-"]
[White "lame wolf"]
[Black "Sixmax"]
[Result "0-1"]
[WhiteCountry "INT"]
[BlackCountry "DEN"]
[WhiteElo "1062"]
[WhiteRD "47"]
[BlackElo "2106"]
[BlackRD "84"]
[GameID "167789"]

1. c3 d5 2. d4 Bf5 3. Nf3 Nf6 4. Ne5 g6 5. Nd2 Bg7 6. Ndf3 c6 7. e3 O-O 8. Bd3 Nbd7 9. Nxd7 Qxd7 10. Bxf5 Qxf5
11. O-O Ne4 12. b3 Nxc3 13. Qd2 Ne4 14. Qd3 Rfe8 15. a4 e5 16. Ra2 exd4 17. Nxd4 Qh5 18. f3 Nc5 19. g4 Qxg4+ 20. Kh1 Nxd3
21. fxg4 Nxc1 22. Raf2 Bxd4 23. Rxc1 Bxe3
0-1

[Event "Late Summer tourney 2008"]
[Site "SchemingMind.com"]
[Date "2008.08.19"]
[Round "-"]
[White "aston294"]
[Black "lame wolf"]
[Result "1-0"]
[WhiteCountry "ENG"]
[BlackCountry "INT"]
[WhiteElo "1135"]
[WhiteRD "70"]
[BlackElo "1006"]
[BlackRD "50"]
[GameID "167790"]

1. e4 Nc6 2. Nc3 e5 3. Nf3 Nf6 4. Ng5 Qe7 5. h4 d6 6. Nd5 Nxd5 7. exd5 Nd4 8. c3 h6 9. cxd4 exd4+ 10. Be2 f6
11. Ne6 Bxe6 12. Bb5+ Bd7+ 13. Qe2 a6 14. Bc4
1-0

[Event "Late Summer tourney 2008"]
[Site "SchemingMind.com"]
[Date "2008.08.19"]
[Round "-"]
[White "Sixmax"]
[Black "lame wolf"]
[Result "1-0"]
[WhiteCountry "DEN"]
[BlackCountry "INT"]
[WhiteElo "2106"]
[WhiteRD "84"]
[BlackElo "1062"]
[BlackRD "47"]
[GameID "167791"]

1. c4 c5 2. Nc3 Nc6 3. b3 b6 4. e4 e5 5. Nf3 d6 6. Be2 Nge7 7. O-O g6 8. Nd5 Nxd5 9. cxd5 Nb8 10. b4 Ba6
11. Bxa6 Nxa6 12. Qa4+ Qd7 13. Qxa6 cxb4 14. d4 Qc8 15. Qb5+ Qd7 16. Qxb4 Be7 17. Bh6 Qc7 18. dxe5 O-O-O 19. Rac1
1-0

[Event "Late Summer tourney 2008"]
[Site "SchemingMind.com"]
[Date "2008.08.19"]
[Round "-"]
[White "Roger Videa"]
[Black "lame wolf"]
[Result "1-0"]
[WhiteCountry "NCA"]
[BlackCountry "INT"]
[WhiteElo "1395"]
[WhiteRD "95"]
[BlackElo "1006"]
[BlackRD "50"]
[GameID "167797"]

1. d4 b5 2. e4 b4 3. b3 a5 4. Bc4 Bb7 5. d5 e5 6. Nf3 Bc5 7. Bg5 Be7 8. Nbd2 d6 9. Bb5+ Nd7 10. a3 Ba6
11. Qe2 Qb8 12. Bxa6 Nc5 13. Bb5+ Kf8 14. a4 f6 15. Be3 g5 16. g4 Bd8 17. h4 Qc8 18. Nh2 Be7 19. hxg5 fxg5 20. Qf3+ Nf6
21. Bxc5 dxc5 22. Nc4 h6 23. Nxe5 Rh7 24. Ng6+ Kf7 25. Nxe7 Kxe7 26. Rd1 h5 27. e5 hxg4 28. Qxf6#
1-0

[Event "Late Summer tourney 2008"]
[Site "SchemingMind.com"]
[Date "2008.08.19"]
[Round "-"]
[White "Roger Videa"]
[Black "aston294"]
[Result "1-0"]
[WhiteCountry "NCA"]
[BlackCountry "ENG"]
[WhiteElo "1407"]
[WhiteRD "88"]
[BlackElo "1062"]
[BlackRD "68"]
[GameID "167798"]

1. e4 e5 2. d4 exd4 3. Qxd4 Nf6 4. Nc3 c5 5. Qd3 Nc6 6. Bg5 h6 7. Bf4 Ng4 8. h3 Nf6 9. Nb5 a6 10. Nc7+ Ke7
11. Nxa8 Nd4 12. c3 Ne6 13. Qd6+
1-0

[Event "Late Summer tourney 2008"]
[Site "SchemingMind.com"]
[Date "2008.08.19"]
[Round "-"]
[White "Roger Videa"]
[Black "Sixmax"]
[Result "0-1"]
[WhiteCountry "NCA"]
[BlackCountry "DEN"]
[WhiteElo "1396"]
[WhiteRD "82"]
[BlackElo "2231"]
[BlackRD "69"]
[GameID "167799"]

1. d4 c5 2. Nf3 cxd4 3. Nxd4 e5 4. Nf5 d5 5. Ng3 Nc6 6. e3 Nf6 7. Bb5 Be6 8. Bd2 Be7 9. a3 O-O 10. Bxc6 bxc6
11. b4 Qc7 12. a4 Rfb8 13. c3 a5 14. bxa5 Qxa5 15. O-O Qc5 16. f4 exf4 17. Rxf4 Bd6 18. Rd4 Be5 19. Rb4 Qd6 20. a5 Rxb4
21. cxb4 Bxa1 22. h3 Qxg3 23. Be1 Qxe3+ 24. Bf2 Qg5 25. g3 Bxh3 26. Nd2 Bd4 27. Nf1 Bxf2+
0-1

[Event "Late Summer tourney 2008"]
[Site "SchemingMind.com"]
[Date "2008.08.19"]
[Round "-"]
[White "lame wolf"]
[Black "Roger Videa"]
[Result "0-1"]
[WhiteCountry "INT"]
[BlackCountry "NCA"]
[WhiteElo "1006"]
[WhiteRD "50"]
[BlackElo "1395"]
[BlackRD "95"]
[GameID "167800"]

1. c3 e5 2. e4 Nf6 3. d3 d5 4. exd5 Qxd5 5. c4 Qd4 6. Nf3 Qd6 7. Nc3 a6 8. Be3 Nbd7 9. Be2 Ng4 10. c5 Nxc5
11. Ne4 Nxe4 12. dxe4 Qb4+ 13. Qd2 Nxe3 14. fxe3 Qxe4 15. O-O Be6 16. Ng5 Qg6 17. Nxf7 Bxf7 18. Qd3 Qxd3 19. Bxd3 Bd6 20. a4 a5
21. e4 O-O-O 22. Rxf7 Bc5+ 23. Kh1 Rxd3 24. Rxg7 h5 25. Rg5 h4 26. Rxe5 b6
0-1

[Event "Late Summer tourney 2008"]
[Site "SchemingMind.com"]
[Date "2008.08.20"]
[Round "-"]
[White "aston294"]
[Black "Roger Videa"]
[Result "0-1"]
[WhiteCountry "ENG"]
[BlackCountry "NCA"]
[WhiteElo "1062"]
[WhiteRD "68"]
[BlackElo "1407"]
[BlackRD "88"]
[GameID "167801"]

1. e4 e5 2. Nc3 Nf6 3. Nf3 a6 4. Nxe5 Bb4 5. a3 Bxc3 6. dxc3 Nxe4 7. Bd3 Nxf2 8. Kxf2 Qf6+ 9. Nf3 h6 10. Re1+ Kf8
11. g4 d6 12. Qe2 Be6 13. Rg1 Nc6
0-1

[Event "Late Summer tourney 2008"]
[Site "SchemingMind.com"]
[Date "2008.08.19"]
[Round "-"]
[White "Sixmax"]
[Black "Roger Videa"]
[Result "1-0"]
[WhiteCountry "DEN"]
[BlackCountry "NCA"]
[WhiteElo "2197"]
[WhiteRD "76"]
[BlackElo "1407"]
[BlackRD "88"]
[GameID "167802"]

1. e4 e5 2. Nf3 Nc6 3. Bb5 a6 4. Bxc6 dxc6 5. O-O Bd6 6. d4 Bg4 7. dxe5 Be7 8. Qe2 b5 9. Rd1 Qc8 10. Bf4 h5
11. Nbd2 h4 12. h3 Bxh3 13. gxh3 Qxh3 14. Qe3 Qg4+ 15. Kh2 h3 16. Rg1 Qe6 17. Nd4 Qd7 18. N2b3 a5 19. Rxg7 f6 20. e6 Qd8
21. Qg3 Bd6 22. Qg6+
1-0

[Event "Late Summer tourney 2008"]
[Site "SchemingMind.com"]
[Date "2008.08.19"]
[Round "-"]
[White "Holy Hippo"]
[Black "lame wolf"]
[Result "1-0"]
[WhiteCountry "USA"]
[BlackCountry "INT"]
[WhiteElo "1544"]
[WhiteRD "309"]
[BlackElo "1062"]
[BlackRD "47"]
[GameID "167826"]

1. e4 d5 2. d4 dxe4 3. Nc3 f5 4. f3 exf3 5. Nxf3 b6 6. Ne5 e6 7. Qh5+ g6 8. Nxg6 Kd7 9. Ne5+ Ke7 10. Qf7+ Kd6
11. Nb5+ Kd5 12. c4+ Ke4 13. Bd3#
1-0

[Event "Late Summer tourney 2008"]
[Site "SchemingMind.com"]
[Date "2008.08.19"]
[Round "-"]
[White "Holy Hippo"]
[Black "aston294"]
[Result "1-0"]
[WhiteCountry "USA"]
[BlackCountry "ENG"]
[WhiteElo "1780"]
[WhiteRD "105"]
[BlackElo "1062"]
[BlackRD "68"]
[GameID "167827"]

1. e4 e5 2. Ne2 Nf6 3. f4 Nxe4 4. d3 Nf6 5. fxe5 Nd5 6. c4 Ne3 7. Bxe3 Qe7 8. Nbc3 Nc6 9. Ng3 Nxe5 10. Be2 d6
11. Nd5 Qh4 12. Nxc7+
1-0

[Event "Late Summer tourney 2008"]
[Site "SchemingMind.com"]
[Date "2008.08.19"]
[Round "-"]
[White "Holy Hippo"]
[Black "Roger Videa"]
[Result "1-0"]
[WhiteCountry "USA"]
[BlackCountry "NCA"]
[WhiteElo "1791"]
[WhiteRD "107"]
[BlackElo "1396"]
[BlackRD "82"]
[GameID "167828"]

1. e4 e5 2. Ne2 d5 3. exd5 e4 4. Nbc3 Bf5 5. Nd4 g6 6. Nxf5 gxf5 7. Qh5 Qf6 8. d3 Bb4 9. Bd2 a5 10. a3 Bc5
11. Bg5 Qd4 12. Be3 Qe5 13. Bxc5 exd3+ 14. Kd2 Nf6 15. Qf3 Ne4+ 16. Kxd3 Nxc5+ 17. Kd2 O-O 18. Re1 Qd4+ 19. Bd3 Nxd3 20. cxd3 Nd7
21. Qxf5 Nc5 22. Qg5+ Kh8 23. Qe5+ Qxe5 24. Rxe5 f6 25. Re7 Rac8 26. Rhe1 b6 27. b4 axb4 28. axb4 Nb3+ 29. Kd1 Nd4 30. Rd7
1-0

[Event "Late Summer tourney 2008"]
[Site "SchemingMind.com"]
[Date "2008.08.20"]
[Round "-"]
[White "Holy Hippo"]
[Black "Sixmax"]
[Result "0-1"]
[WhiteCountry "USA"]
[BlackCountry "DEN"]
[WhiteElo "1780"]
[WhiteRD "105"]
[BlackElo "2197"]
[BlackRD "76"]
[GameID "167829"]

1. e4 e5 2. Ne2 Nf6 3. f4 Nc6 4. fxe5 Nxe4 5. d3 Nc5 6. Nbc3 Ne6 7. d4 Nexd4 8. Ng3 d5 9. Be3 Bc5 10. Bb5 Nxc2+
11. Qxc2 Bxe3 12. Nf5 Bxf5 13. Qxf5 O-O 14. Rf1 Nd4 15. Qd3 Qh4+ 16. g3 Qxh2 17. Nxd5 Rfd8 18. Nxe3 Qxg3+ 19. Kd2 Nxb5 20. Qxd8+ Rxd8+
21. Ke2 Nd4+
0-1

[Event "Late Summer tourney 2008"]
[Site "SchemingMind.com"]
[Date "2008.08.20"]
[Round "-"]
[White "lame wolf"]
[Black "Holy Hippo"]
[Result "0-1"]
[WhiteCountry "INT"]
[BlackCountry "USA"]
[WhiteElo "1006"]
[WhiteRD "50"]
[BlackElo "1642"]
[BlackRD "190"]
[GameID "167830"]

1. b4 e5 2. a3 d5 3. d4 exd4 4. Qxd4 Nc6 5. Qd1 Nf6 6. Bb2 Be6 7. Nd2 Be7 8. Ndf3 O-O 9. Ne5 Nxe5 10. Bxe5 Bd6
11. Bxd6 Qxd6 12. e3 c5 13. bxc5 Qxc5
0-1

[Event "Late Summer tourney 2008"]
[Site "SchemingMind.com"]
[Date "2008.08.20"]
[Round "-"]
[White "aston294"]
[Black "Holy Hippo"]
[Result "0-1"]
[WhiteCountry "ENG"]
[BlackCountry "USA"]
[WhiteElo "1135"]
[WhiteRD "70"]
[BlackElo "1642"]
[BlackRD "190"]
[GameID "167831"]

1. d4 Nf6 2. Nf3 d5 3. Ne5 e6 4. Nc3 Bb4 5. a3 Bxc3+ 6. bxc3 c5 7. dxc5 Qa5 8. Bd2 Qxc5 9. Rb1 Ne4 10. f3 Qf2#
0-1

[Event "Late Summer tourney 2008"]
[Site "SchemingMind.com"]
[Date "2008.08.19"]
[Round "-"]
[White "Roger Videa"]
[Black "Holy Hippo"]
[Result "0-1"]
[WhiteCountry "NCA"]
[BlackCountry "USA"]
[WhiteElo "1407"]
[WhiteRD "88"]
[BlackElo "1780"]
[BlackRD "105"]
[GameID "167832"]

1. e4 c5 2. c4 Nc6 3. a3 Nf6 4. d3 e6 5. Nf3 h6 6. Nc3 Be7 7. h3 Nd4 8. Nxd4 cxd4 9. Nb5 e5 10. Be2 a6
11. Nxd4 exd4 12. e5 Nh7 13. b4 d6 14. exd6 Qxd6 15. c5 Qf6 16. Rf1 b6 17. Bf3 Ra7 18. cxb6 Qxb6 19. Bb2 O-O 20. Be4 Re8
21. Rc1 f5 22. Rc6 Qxc6 23. Bxc6 Bxb4#
0-1

[Event "Late Summer tourney 2008"]
[Site "SchemingMind.com"]
[Date "2008.08.21"]
[Round "-"]
[White "Sixmax"]
[Black "Holy Hippo"]
[Result "1-0"]
[WhiteCountry "DEN"]
[BlackCountry "USA"]
[WhiteElo "2197"]
[WhiteRD "76"]
[BlackElo "1780"]
[BlackRD "105"]
[GameID "167833"]

1. c4 b6 2. Nc3 e6 3. d4 Bb4 4. e4 Bb7 5. f3 f5 6. Bd3 fxe4 7. fxe4 Bxe4 8. Bxe4 Bxc3+ 9. bxc3 Qh4+ 10. Kd2 Qxe4
11. Qh5+ Qg6 12. Qxg6+ hxg6 13. Nf3 Nc6 14. Kd3 Nf6 15. Bg5 O-O-O 16. Nh4 Ne7 17. Rae1 Rh5 18. Nf3 Rf8 19. d5 Nf5 20. dxe6 dxe6
21. Rxe6 Kb7 22. Rhe1 Rd8+ 23. Kc2 a5 24. Bxf6 gxf6 25. g4
1-0

[Event "Late Summer tourney 2008"]
[Site "SchemingMind.com"]
[Date "2008.08.20"]
[Round "-"]
[White "Archon"]
[Black "lame wolf"]
[Result "1-0"]
[WhiteCountry "CAN"]
[BlackCountry "INT"]
[WhiteElo "1736"]
[WhiteRD "54"]
[BlackElo "1062"]
[BlackRD "47"]
[GameID "167880"]

1. Nf3 Nc6 2. c4 d5 3. g3 dxc4 4. Qa4 Be6 5. Na3 a6 6. Bg2 b5 7. Qc2 b4 8. Nxc4 a5 9. b3 g6 10. Bb2 f6
11. O-O f5 12. Bxh8 Nd4 13. Bxd4 Bxc4 14. Qxc4 Qd6 15. Rac1 Nf6 16. Bxf6 Qxf6 17. Qxc7 Kf7 18. Ne5+ Qxe5 19. Qxe5
1-0

[Event "Late Summer tourney 2008"]
[Site "SchemingMind.com"]
[Date "2008.08.20"]
[Round "-"]
[White "Archon"]
[Black "aston294"]
[Result "1-0"]
[WhiteCountry "CAN"]
[BlackCountry "ENG"]
[WhiteElo "1718"]
[WhiteRD "54"]
[BlackElo "1062"]
[BlackRD "68"]
[GameID "167881"]

1. Nf3 d5 2. c4 dxc4 3. e3 Bg4 4. Bxc4 Nc6 5. d4 h5 6. h3 Bf5 7. Nc3 Nb4 8. O-O Nf6 9. Bb3 Nd3 10. Bc2 Nxc1
11. Qxc1 Bxc2 12. Qxc2 Nd5 13. Nxd5 c6 14. Nf4 e6 15. Rfc1 g5 16. Nd3 Bg7 17. Nfe5 f6 18. Nxc6 Qd7 19. Na5
1-0

[Event "Late Summer tourney 2008"]
[Site "SchemingMind.com"]
[Date "2008.08.20"]
[Round "-"]
[White "Archon"]
[Black "Roger Videa"]
[Result "1-0"]
[WhiteCountry "CAN"]
[BlackCountry "NCA"]
[WhiteElo "1724"]
[WhiteRD "55"]
[BlackElo "1396"]
[BlackRD "82"]
[GameID "167882"]

1. Nf3 d5 2. c4 d4 3. g3 Nf6 4. d3 Nc6 5. Bg2 Bg4 6. O-O Qd7 7. Re1 Bh3 8. Bh1 e6 9. Bg5 h6 10. Bxf6 gxf6
11. Na3 Bb4 12. Nd2 f5 13. Nc2 Ba5 14. a3 a6 15. b4 Bb6 16. Nf3 O-O-O 17. Rc1 e5 18. c5 Ba7 19. Nd2 f4 20. Ne4 fxg3
21. hxg3 h5 22. Nf6 Qe6 23. Ne4 h4 24. e3 hxg3 25. Nxg3 Rdg8 26. Qf3 Bg4 27. Qe4 Bf5 28. Qd5 Rxh1+ 29. Qxh1 Bxd3 30. exd4 Bxc2
31. Rxc2 Nxd4 32. Rc3 Nf5 33. Qh3 Nxg3 34. Rxg3 Rxg3+ 35. Qxg3 f6 36. Rd1 b6 37. cxb6 Bxb6 38. Qg7 Qf5 39. Qg8+
1-0

[Event "Late Summer tourney 2008"]
[Site "SchemingMind.com"]
[Date "2008.08.20"]
[Round "-"]
[White "Archon"]
[Black "Sixmax"]
[Result "0-1"]
[WhiteCountry "CAN"]
[BlackCountry "DEN"]
[WhiteElo "1718"]
[WhiteRD "54"]
[BlackElo "2197"]
[BlackRD "76"]
[GameID "167883"]

1. Nf3 b6 2. e4 Bb7 3. Nc3 e6 4. d4 Bb4 5. Bd3 Nf6 6. Bg5 h6 7. Bxf6 Qxf6 8. O-O Bxc3 9. bxc3 d6 10. Re1 O-O
11. a4 Nc6 12. Qe2 e5 13. Bc4 exd4 14. cxd4 Nxd4 15. Nxd4 Qxd4 16. Bb3 Rae8 17. Rad1 Qxe4 18. Qxe4 Bxe4 19. Kf1 Bc6 20. f3 Rxe1+
21. Kxe1 Re8+ 22. Kf2 g5 23. h3 Kg7 24. Rd4 Re7 25. h4 f5 26. hxg5 hxg5 27. Rb4 Kf6 28. Rd4 f4 29. Rd3 Bd7 30. Rc3 Bf5
31. Bd5 Ke5 32. Bb3 c5
0-1

[Event "Late Summer tourney 2008"]
[Site "SchemingMind.com"]
[Date "2008.08.20"]
[Round "-"]
[White "Archon"]
[Black "Holy Hippo"]
[Result "0-1"]
[WhiteCountry "CAN"]
[BlackCountry "USA"]
[WhiteElo "1718"]
[WhiteRD "54"]
[BlackElo "1780"]
[BlackRD "105"]
[GameID "167884"]

1. Nf3 g6 2. g3 d5 3. c4 c6 4. b3 Nf6 5. Bb2 Bg7 6. Bg2 Qb6 7. Qc1 O-O 8. O-O a5 9. d3 a4 10. Nbd2 Nbd7
11. Rb1 axb3 12. axb3 Nc5 13. Bd4 Nfd7 14. Bxg7 Kxg7 15. Qc3+ Kg8 16. Ra1 Na6 17. e4 Ndc5 18. exd5 cxd5 19. Nh4 dxc4 20. bxc4 Be6
21. Rfb1 Qc7 22. Nb3 Rab8 23. Nxc5 Nxc5 24. Ra7 Ra8 25. Rba1 Rxa7 26. Rxa7 Qb6 27. Ra1 f6 28. Nf3 Rd8 29. Rd1 Na4 30. Qa1 Nc5
31. Ne1 Qa6 32. Qb1 b6 33. d4 Bf5 34. Qc1 Nb3 35. Qh6 Qxc4 36. d5 Be4 37. Bxe4 Qxe4 38. Qe3 Qxe3 39. fxe3 Nc5 40. Ng2 Ne4
41. Nf4 g5 42. Ne6 Rd6 43. g4 Nc3 44. Rd3 Nxd5 45. Nd4 Nxe3 46. h3 Nc2
0-1

[Event "Late Summer tourney 2008"]
[Site "SchemingMind.com"]
[Date "2008.08.20"]
[Round "-"]
[White "lame wolf"]
[Black "Archon"]
[Result "0-1"]
[WhiteCountry "INT"]
[BlackCountry "CAN"]
[WhiteElo "1062"]
[WhiteRD "47"]
[BlackElo "1736"]
[BlackRD "54"]
[GameID "167885"]

1. c3 e5 2. e4 d5 3. exd5 Qxd5 4. Qf3 Nf6 5. Qxd5 Nxd5 6. d3 Nc6 7. c4 Nf6 8. g3 Bf5 9. f3 Nd4 10. Na3 Bxa3
11. Kf2 Bc5 12. Ne2 Nc2+ 13. Be3 Bxe3+ 14. Kg2 Nxa1 15. Nc3 Nc2 16. g4 Ne1+ 17. Kh3 Bxd3 18. Bxd3 Nxd3
0-1

[Event "Late Summer tourney 2008"]
[Site "SchemingMind.com"]
[Date "2008.08.21"]
[Round "-"]
[White "aston294"]
[Black "Archon"]
[Result "0-1"]
[WhiteCountry "ENG"]
[BlackCountry "CAN"]
[WhiteElo "1062"]
[WhiteRD "68"]
[BlackElo "1718"]
[BlackRD "54"]
[GameID "167886"]

1. e4 d6 2. Nc3 Nf6 3. Nf3 g6 4. Nd5 Bg7 5. Ng5 O-O 6. Nxf6+ exf6 7. Nf3 f5 8. e5 dxe5 9. Nxe5 Bxe5 10. Qe2 Re8
11. d3 Bg7 12. Qxe8+ Qxe8+ 13. Be2 Nc6 14. O-O Qxe2 15. g3 Qxc2 16. Bf4 Be6 17. Rac1 Qxd3 18. Rfd1 Qb5 19. Bxc7 Rc8
0-1

[Event "Late Summer tourney 2008"]
[Site "SchemingMind.com"]
[Date "2008.08.20"]
[Round "-"]
[White "Roger Videa"]
[Black "Archon"]
[Result "0-1"]
[WhiteCountry "NCA"]
[BlackCountry "CAN"]
[WhiteElo "1396"]
[WhiteRD "82"]
[BlackElo "1724"]
[BlackRD "55"]
[GameID "167887"]

1. d4 d6 2. d5 c6 3. e4 g6 4. Nc3 Bg7 5. Be3 Nf6 6. Qd2 Qa5 7. dxc6 Nxc6 8. Bd3 Bd7 9. Nge2 O-O 10. Bh6 Qh5
11. Bxg7 Kxg7 12. Nd5 Nxd5 13. exd5 Qxd5 14. O-O Bf5 15. Qc3+ Kg8 16. Bxf5 Qxf5 17. Rac1 Rfc8 18. Ng3 Qe5 19. Qxe5 Nxe5 20. c3 Rc7
21. h3 Nc4 22. Rc2 Rac8 23. a4 Ne5 24. Re1 Nd3 25. Re3 Nc5 26. a5 Nb3 27. a6 b6 28. c4 Nd4 29. Rcc3 Ne6 30. b3 Nc5
31. f3 Nxa6 32. Ne2 Nc5 33. Nf4 Kf8 34. b4 Na4 35. Rc2 Rxc4 36. Rxc4 Rxc4 37. Re4 Rxe4 38. fxe4 Nc3
0-1

[Event "Late Summer tourney 2008"]
[Site "SchemingMind.com"]
[Date "2008.08.20"]
[Round "-"]
[White "Sixmax"]
[Black "Archon"]
[Result "1-0"]
[WhiteCountry "DEN"]
[BlackCountry "CAN"]
[WhiteElo "2231"]
[WhiteRD "69"]
[BlackElo "1724"]
[BlackRD "55"]
[GameID "167888"]

1. c4 e5 2. Nc3 d6 3. b3 g6 4. e4 Nc6 5. Nf3 Bg7 6. Be2 Nge7 7. O-O Nd4 8. Bb2 Nec6 9. Nd5 Be6 10. d3 Nxf3+
11. Bxf3 Nd4 12. Bxd4 exd4 13. Bg4 Bxg4 14. Qxg4 O-O 15. a3 c6 16. Nf4 Qe7 17. b4 Bh6 18. Ne2 c5 19. Ng3 Bd2 20. Nf5 Qg5
21. Qxg5 Bxg5 22. Nxd6 b6 23. bxc5 bxc5 24. e5 Be7 25. Ne4 Kg7 26. Rab1 Rab8 27. Rb5 Rxb5 28. cxb5 Rb8 29. a4 a6 30. Rb1 axb5
31. axb5 Rb6 32. f4 h6 33. Nd2 Bd8 34. Nc4 Rb8 35. b6 Kf8 36. g4 Ke7 37. Kf2 Kd7 38. f5 g5 39. Kf3 Kc6 40. Ra1 Bxb6
41. Ra6 Kb5 42. Rxb6+ Rxb6 43. Nxb6 Kxb6 44. e6 fxe6 45. f6
1-0

[Event "Late Summer tourney 2008"]
[Site "SchemingMind.com"]
[Date "2008.08.20"]
[Round "-"]
[White "Holy Hippo"]
[Black "Archon"]
[Result "1-0"]
[WhiteCountry "USA"]
[BlackCountry "CAN"]
[WhiteElo "1780"]
[WhiteRD "105"]
[BlackElo "1718"]
[BlackRD "54"]
[GameID "167889"]

1. e4 d6 2. d4 Nf6 3. Nc3 g6 4. Be3 c6 5. Qd2 Bg7 6. f3 Qa5 7. Bh6 Bxh6 8. Qxh6 Nbd7 9. Bd3 Nb6 10. a3 Be6
11. e5 Nfd5 12. Ne2 O-O-O 13. O-O Nd7 14. b4 Qc7 15. Nxd5 Bxd5 16. c4 Bxc4 17. Bxc4 dxe5 18. Bxf7 Nf6 19. dxe5 Qxe5 20. Nf4 Qe3+
21. Kh1 Rd4 22. Qg7 Rhd8 23. Ne6 Nh5 24. Qxh7 Rh4 25. Qxg6 Rh8 26. h3 Nf6 27. Nc5 Qf4 28. Be6+ Kb8 29. g3 R4h6 30. gxf4 Rxg6
31. Rg1 Rgh6 32. Nd7+ Nxd7 33. Bxd7 e6 34. Rg3 Kc7 35. Rd1 R8h7 36. Be8
1-0

[Event "Late Summer tourney 2008"]
[Site "SchemingMind.com"]
[Date "2008.08.21"]
[Round "-"]
[White "Kobiahshi"]
[Black "lame wolf"]
[Result "1-0"]
[WhiteCountry "USA"]
[BlackCountry "INT"]
[WhiteElo "1600"]
[WhiteRD "251"]
[BlackElo "1006"]
[BlackRD "50"]
[GameID "167984"]

1. e4 d5 2. exd5 Qxd5 3. Nc3 Qd8 4. d4 b6 5. Qf3 c6 6. Bc4 e6 7. Be3 Ba6 8. Bxa6 Nxa6 9. Qxc6+ Ke7 10. Qb7+ Kf6
11. Qxa6 Bd6 12. Ne4+ Ke7 13. Nxd6 Qxd6 14. Qb7+
1-0

[Event "Late Summer tourney 2008"]
[Site "SchemingMind.com"]
[Date "2008.08.21"]
[Round "-"]
[White "Kobiahshi"]
[Black "Archon"]
[Result "1-0"]
[WhiteCountry "USA"]
[BlackCountry "CAN"]
[WhiteElo "1665"]
[WhiteRD "99"]
[BlackElo "1724"]
[BlackRD "55"]
[GameID "167985"]

1. e4 d6 2. d4 Nf6 3. Nc3 g6 4. f4 Bg7 5. Nf3 c5 6. Bb5+ Bd7 7. Bxd7+ Nfxd7 8. d5 b5 9. Qe2 b4 10. Nd1 a5
11. e5 O-O 12. Nf2 Na6 13. O-O Qb6 14. Kh1 Qb7 15. e6 fxe6 16. Qxe6+ Kh8 17. Ng5 Nf6 18. Nf7+ Rxf7 19. Qxf7 Rf8 20. Qe6 Qd7
21. Qe2 Nc7 22. Rb1 Nfxd5 23. Qe4 Bh6 24. Nd3 Qf5 25. Qxf5 Rxf5 26. g3 Bg7 27. Bd2 Ne6 28. c3 Rf8 29. c4 Ndc7 30. b3 Rf7
31. Be3 Ne8 32. Ne1 Nf6 33. Nc2 Ng4 34. Bd2 Nd4 35. Nxd4 Bxd4 36. Kg2 Ne3+ 37. Bxe3 Bf6 38. Bc1 Kg7 39. a3 Rf8 40. axb4 axb4
41. Re1 Ra8 42. Re2 Kf7 43. Be3 Ra3 44. Bc1 Ra7 45. Bb2 Ra8 46. Bxf6 Kxf6 47. h4 Ra7 48. g4 Ra3 49. g5+ Kf7 50. Kg3 Ra7
51. Kg4 Kf8 52. Re6 Kf7 53. Ree1 Kf8 54. Ra1 Rb7 55. Ra8+ Kf7 56. Rea1 Kg7 57. R1a7
1-0

[Event "Late Summer tourney 2008"]
[Site "SchemingMind.com"]
[Date "2008.08.21"]
[Round "-"]
[White "Kobiahshi"]
[Black "aston294"]
[Result "1-0"]
[WhiteCountry "USA"]
[BlackCountry "ENG"]
[WhiteElo "1602"]
[WhiteRD "111"]
[BlackElo "1062"]
[BlackRD "68"]
[GameID "167986"]

1. e4 e5 2. Bc4 Nf6 3. d3 Nc6 4. Nc3 Nd4 5. Nf3 Ng4 6. O-O d6 7. a3 h5 8. Nxd4 exd4 9. Ne2 f5 10. Nxd4 fxe4
11. dxe4 d5 12. exd5 c6 13. Re1+ Be7 14. Bg5
1-0

[Event "Late Summer tourney 2008"]
[Site "SchemingMind.com"]
[Date "2008.08.21"]
[Round "-"]
[White "Kobiahshi"]
[Black "Roger Videa"]
[Result "1-0"]
[WhiteCountry "USA"]
[BlackCountry "NCA"]
[WhiteElo "1665"]
[WhiteRD "99"]
[BlackElo "1396"]
[BlackRD "82"]
[GameID "167987"]

1. e4 e5 2. Bc4 d6 3. d3 h6 4. Nc3 Nf6 5. Nf3 Bg4 6. Be3 c6 7. h3 Bh5 8. Qe2 b5 9. Bb3 a5 10. a3 a4
11. Ba2 Qa5 12. O-O Be7 13. b4 Qc7 14. Nd1 c5 15. bxc5 dxc5 16. c3 c4 17. Rb1 Ra5 18. g4 Bg6 19. Bc1 cxd3 20. Qd2 Bxe4
21. Ra1 Bxf3 22. Qxd3 Bc6 23. Re1 e4 24. Qc2 O-O 25. Ne3 Nbd7 26. Qd2 Nc5 27. Rd1
1-0

[Event "Late Summer tourney 2008"]
[Site "SchemingMind.com"]
[Date "2008.08.21"]
[Round "-"]
[White "Kobiahshi"]
[Black "Sixmax"]
[Result "0-1"]
[WhiteCountry "USA"]
[BlackCountry "DEN"]
[WhiteElo "1602"]
[WhiteRD "111"]
[BlackElo "2197"]
[BlackRD "76"]
[GameID "167988"]

1. e4 e5 2. Nf3 Nf6 3. Nxe5 d6 4. Nf3 Nxe4 5. d4 d5 6. Bd3 Bd6 7. O-O O-O 8. c4 c6 9. cxd5 cxd5 10. Nc3 Bf5
11. Be3 Nxc3 12. bxc3 Bxd3 13. Qxd3 Nd7 14. Ng5 Nf6 15. c4 Qc7 16. cxd5 Bxh2+ 17. Kh1 Bd6 18. Rac1 Qa5 19. Qf5 Rae8 20. Rb1 b6
21. Bf4 Bxf4 22. Qxf4 Qxd5 23. Rb3 h6 24. Nf3 Re2 25. Ng1 Rxa2 26. Rg3 Nh5 27. Rxg7+ Kxg7 28. Qg4+ Qg5 29. Qh3 Nf4 30. Qh2 Rd8
31. Nf3 Qg4 32. Qh3 Nxh3
0-1